00716nam a2200193Ia 4500003000200000005001700002008004100019050002300060100003300083245010000116260008600216300002100302500001900323521001500342650001500357942001200372999001900384952011900403020231106133230.0140724s9999 xx 000 0 und d aHQ 784b.F122 2011 aCuenca, Glenn Ian Raphael D. aSleep quality and cognitive function of State University studentscCuenca, Glenn Ian Raphael D. aLas Piñas, Philippines :bSouthville International School and Colleges,cc2023. a228 p. :c28 cm. aSleep quality. aPsychology aMultimedia cTH2lcc c228765d228765 00102lcc40aCLbCLcTHESESd2014-07-24eDONATIONl0oR 129 .C84 2023pT0119r2018-05-15 00:00:00w2014-07-24yTH